000
00341 a2200157 4500
001
154263
040
_c
Escola São Tomás de Aquino
100
_a
ANDRADE, Carlos Drummond de
240
1
0
_a
A senha do mundo
_l
por
245
1
0
_a
A senha do mundo
300
_a
47
362
0
_a
2002
440
1
_a
Record
697
_a
Poesia
942
_c
BK
999
_c
154263
_d
154263